=LDR 00000nam 2200000 4500 =001 INLIS000000000020950 =005 20130612115844 =008 ***********************************Ind** =035 ##$$0010-061300000020950 =041 ##$$a Ind =082 ##$$a 320.5 =090 ##$$a 320.5, Bak p =100 ##$$a Bakry, Noor MS =245 ##$$a Pancasila, yuridis kenegaraan, Noor MS Bakry =260 ##$$a 1991 $b Yogyakarta =300 ##$$a vi, 168 hlm, 21 cm =650 ##$$a Pancasila =850 ##$$a NBPNMAT